Statystyki dla Powiaty na literę O

Kliknij tutaj aby rozwiązać quiz!

Ogólne statystyki

  • Ten quiz został rozwiązany 233 razy
  • Średni wynik to 18 z 22

Statystyki odpowiedzi

WojewództwoPowiat% Poprawnych
lubelskieopolski
97%
opolskieopolski
97%
opolskieOpole
94%
wielkopolskieostrowski
92%
mazowieckieostrowski
92%
warmińsko-mazurskieOlsztyn
90%
warmińsko-mazurskieolsztyński
88%
dolnośląskieoleśnicki
84%
małopolskieolkuski
84%
świętokrzyskieostrowiecki
84%
mazowieckieotwocki
83%
dolnośląskieoławski
82%
świętokrzyskieopatowski
81%
warmińsko-mazurskieolecki
80%
opolskieoleski
80%
łódzkieopoczyński
79%
mazowieckieostrołęcki
79%
małopolskieoświęcimski
79%
warmińsko-mazurskieostródzki
75%
mazowieckieOstrołęka
75%
wielkopolskieobornicki
73%
wielkopolskieostrzeszowski
66%

Rozkład punktacji

Percentyl według liczby udzielonych odpowiedzi

Procent ludzi z każdym wynikiem

Twoja historia wyników

Nie rozwiązałeś tego quizu